Přesvědčivá prezentace špičkové rady, tipy a příklady

Gespeichert in:
Bibliographische Detailangaben
1. Verfasser: Medlíková, Olga
Format: Buch
Sprache:Tschechisch
Veröffentlicht: Praha Grada Publishing 2010
Ausgabe:2. aktualiz. a dopln. vyd.
Schriftenreihe:Manažer
Schlagworte:
Tags: Tag hinzufügen
Keine Tags, Fügen Sie das erste Tag hinzu!

MARC

LEADER 00000nam a2200000 4500
001 0141833
005 20240315114645.8
020 |a 978-80-247-3455-2 
041 0 |a cze 
044 |a CZ 
245 1 0 |a Přesvědčivá prezentace  |b špičkové rady, tipy a příklady  |c Olga Medlíková 
250 |a 2. aktualiz. a dopln. vyd. 
264 1 |a Praha  |b Grada Publishing  |c 2010 
300 |a 144 s. 
490 1 |a Manažer 
830 0 |a Manažer 
610 2 0 |a prezentácia 
610 2 0 |a poradenstvo 
610 2 0 |a technika 
610 2 0 |a rétorika 
610 2 0 |a informácie 
610 2 0 |a reporting 
610 2 0 |a väzba spätná 
610 2 0 |a komunikácia 
100 1 |a Medlíková, Olga